Auto - Grobmacht Japan
Zapisane w:
| 1. autor: | |
|---|---|
| Format: | Książka |
| Język: | Undetermined |
| Wydane: |
Verlag
Spiegel Buch
1980
|
| Hasła przedmiotowe: | |
| Etykiety: |
Dodaj etykietę
Nie ma etykietki, Dołącz pierwszą etykiete!
|
| Thư viện lưu trữ: | Trung tâm Học liệu Trường Đại học Cần Thơ |
|---|
| LEADER | 00461nam a2200181Ia 4500 | ||
|---|---|---|---|
| 001 | CTU_98814 | ||
| 008 | 210402s9999 xx 000 0 und d | ||
| 082 | |a 629.22 | ||
| 082 | |b M612 | ||
| 100 | |a Meyer-Larsen, Werner | ||
| 245 | 0 | |a Auto - Grobmacht Japan | |
| 245 | 0 | |c Werner Meyer-Larsen | |
| 260 | |a Verlag | ||
| 260 | |b Spiegel Buch | ||
| 260 | |c 1980 | ||
| 650 | |a Automobile | ||
| 904 | |i Truc | ||
| 980 | |a Trung tâm Học liệu Trường Đại học Cần Thơ | ||